00245nam a22000977a 4500008004100000082001600041245003300057260003600090300001000126440001100136230623b xxu||||| |||| 00| 0 eng d a330.05bUOC aJournal of Political Economy bThe University of Chicagoc1995 a1347p n6v103